=LDR 00000nam 2200000 4500 =001 INLIS000000000032498 =005 20200228014209 =035 ##$$a 0010-061300000032498 =008 200228################g##########0#ind## =041 ##$$a ind =082 ##$$a 149.8 =090 ##$$a 149.8, Sus j =100 ##$$a Susilo, Bambang Joko =245 1#$$a Jangan main - main dengan tuhan : $b Kisah-kisah gigihnya perjuangan manusia dalam menghadapi nasib dan takdir tuhan /$c Bambang Joko Susilo =260 ##$$a Jakarta :$b Republika,$c 2009 =300 ##$$a vi,156 hlm ; $c 20,5 x 13,5 cm =650 #4$$a Nasib =850 ##$$a NBPNMAT =020 ##$$a 978-979-1102-62-9 =084 ##$$a 149.8 SUS j =250 ##$$a Cet. 1 =990 ##$$a 90577/BPAP-NTB/2014 =990 ##$$a 2101334 =990 ##$$a 0001/BPAP-NTB/20142014 =990 ##$$a 90577/BPAP-NTB/2014 =990 ##$$a 2101334 =990 ##$$a 0001/BPAP-NTB/20142014 =990 ##$$a 0001/BPAP-NTB/20142014 =990 ##$$a 90577/BPAP-NTB/2014 =990 ##$$a 2101334